<?xml version="1.0" encoding="UTF-8"?>
<record
    xmlns:xsi="http://www.w3.org/2001/XMLSchema-instance"
    xsi:schemaLocation="http://www.loc.gov/MARC21/slim http://www.loc.gov/standards/marcxml/schema/MARC21slim.xsd"
    xmlns="http://www.loc.gov/MARC21/slim">

  <leader>00490nam a2200133Ia 4500</leader>
  <controlfield tag="001">3397</controlfield>
  <controlfield tag="008">241024s9999    xx            000 0 und d</controlfield>
  <datafield tag="082" ind1=" " ind2=" ">
    <subfield code="a">[*SIN CLASIFICACION*]</subfield>
  </datafield>
  <datafield tag="100" ind1=" " ind2=" ">
    <subfield code="a">Rep&#xFA;blica Dominicana.Ministerio de Educaci&#xF3;n MINERD</subfield>
  </datafield>
  <datafield tag="245" ind1=" " ind2="0">
    <subfield code="a">El presidente de la Rep&#xFA;blica Dr. Leonel Fern&#xE1;ndez visitar&#xE1; el ministerio de Educaci&#xF3;n (Lic. Josefina Pimentel, Ministra de Educaci&#xF3;n)</subfield>
  </datafield>
  <datafield tag="260" ind1=" " ind2=" ">
    <subfield code="b">[*SIN EDITORIAL*]</subfield>
    <subfield code="c">2011</subfield>
  </datafield>
  <datafield tag="901" ind1=" " ind2=" ">
    <subfield code="a">24/10/2013 8:59:29 a.m.</subfield>
  </datafield>
  <datafield tag="999" ind1=" " ind2=" ">
    <subfield code="c">12228</subfield>
    <subfield code="d">12228</subfield>
  </datafield>
</record>
